000 00595nam a22002057a 4500
999 _c4159
_d4159
003 AR-CdUCM
008 190308b ||||| |||| 00| 0 spa d
020 _a84-320-8276-7
040 _aMUNICIPALIDAD PROVINCIAL DEL CUSCO
_cBIBLIOTECA MUNICIPAL DEL CUSCO
082 _a868.6 /
_bUM49
100 _aUmbral, Francisco
_913178
245 _aEl giocondo /
260 _aBarcelona :
_bPromotoria de ediciones,
_c1985.
300 _a190 paginas ;
_c18 cm.
505 _aContenido : Novela /
650 _aNovelas espaƱolas
_9584
650 _aSiglo XX
_98
942 _2ddc
_cLIBROS
945 _arjall